Ciberdelitos: Amenazas criminales del ciberespacio (Registro nro. 12738)
[ vista simple ]
| 000 -Cabecera | |
|---|---|
| Campo de control de longitud fija | 00699nam a22002537a 4500 |
| 005 - Fecha y hora de la última transacción | |
| Campo de control | 20260318161343.0 |
| 008 - Elementos de longitud fija--Información general | |
| Campo de control de longitud fija | 200910b2017 xxu||||| |||| 00| 0 spa d |
| 020 ## - International Standard Book Number | |
| Número Internacional Estándar del Libro (ISBN) | 9788429019728 |
| 041 ## - Idioma | |
| Código de idioma | Español |
| 082 ## - Clasificación Decimal Dewey | |
| Número de clasificación | 364.168 B276c |
| 100 ## - Entrada principal--Autor personal | |
| Nombre personal | Barrio Andrés, Moisés |
| 9 (RLIN) | 58571 |
| 245 ## - Título propiamente dicho | |
| Título | Ciberdelitos: Amenazas criminales del ciberespacio |
| 260 ## - Pie de imprenta | |
| Lugar de publicación, distribución, etc. | España |
| 260 ## - Pie de imprenta | |
| Nombre del editor, distribuidor, etc. | Reus |
| 260 ## - Pie de imprenta | |
| Fecha de publicación, distribución, etc. | 2017 |
| 300 ## - Descripción física | |
| Extensión | 142 páginas |
| 490 ## - Serie | |
| Título de la Serie | Investigación Criminal |
| 650 ## - Materia general | |
| Temática (materia general) | INVESTIGACIÓN CRIMINAL |
| 650 ## - Materia general | |
| Temática (materia general) | DELITO INFORMÁTICO |
| 650 ## - Materia general | |
| Temática (materia general) | DELITO CIBERNETICO |
| 650 ## - Materia general | |
| Temática (materia general) | DELITOS DE CONTENIDO |
| 650 ## - Materia general | |
| Temática (materia general) | INFRACCIONES CONTRA LA PROPIEDAD INTELECTUAL |
| 942 ## - Punto de acceso adicional KOHA | |
| Tipo de ítem KOHA | Libro |
| Fuente del sistema de clasificación o colocación | Dewey Decimal Classification |
| Signatura completa | Código de barras | Programa Académico | Tipo de ítem |
|---|---|---|---|
| 364.168 B276c | 25028 | Investigación Criminal | Libro |